00233nam a22000857a 4500008004100000082002000041245006100061260001700122300000800139230704b xxu||||| |||| 00| 0 eng d a362.7bUNI 2003 aThe Millenium Development GoalsbThey are About Children bUNICEFc2003 a25p